[Event "GER-ch U08"]
[Site "Willingen"]
[Date "2024.05.24"]
[Round "5"]
[White "Siegel, Vitus"]
[Black "Merle, Atreyu Lukas"]
[Result "1-0"]
[WhiteElo "1345"]
[BlackElo "1191"]
[PlyCount "93"]
[EventDate "2024.05.22"]
[EventType "swiss"]
[EventRounds "7"]
[EventCountry "GER"]
[SourceTitle "CBM 220 Extra"]
[Source "ChessBase"]
[SourceDate "2024.07.31"]
[SourceVersion "1"]
[SourceVersionDate "2024.07.31"]
[SourceQuality "1"]

1. e4 e5 2. Nf3 Nc6 3. d4 exd4 4. Nxd4 Nf6 5. Nxc6 bxc6 6. e5 Nd5 7. Bc4 Nb6 8. Bb3 Bc5 9. 0-0 0-0 10. Be3 Bxe3 11. fxe3 Bb7 12. Qh5 Qe7 13. Nd2 d5 14. Nf3 c5 15. c3 c4 16. Bc2 g6 17. Qh6 Nd7 18. Ng5 Qxg5 19. Qxg5 Rfe8 20. Ba4 Rxe5 21. Qf4 Rf5 22. Qxc7 Nb6 23. Rxf5 gxf5 24. Qxb7 Kg7 25. Bc6 Rf8 26. Qxa7 Nc8 27. Qd4+ f6 28. Bxd5 Rd8 29. a4 Ne7 30. Bxc4 Rxd4 31. cxd4 Nc6 32. a5 Na7 33. b4 Nc6 34. b5 Na7 35. b6 Nc6 36. b7 f4 37. e4 f3 38. d5 f2+ 39. Kxf2 Nb8 40. a6 f5 41. e5 f4 42. a7 f3 43. a8Q fxg2 44. Qxb8 g1Q+ 45. Rxg1+ Kh6 46. Qg8 Kh5 47. Qg5# 1-0

[Event "GER-ch U08"]
[Site "Willingen"]
[Date "2023.06.02"]
[Round "6"]
[White "Merle, Atreyu Lukas"]
[Black "Alloussi, Arian"]
[Result "0-1"]
[WhiteElo "1081"]
[BlackElo "1174"]
[PlyCount "132"]
[EventDate "2023.05.30"]
[EventType "swiss"]
[EventRounds "7"]
[EventCountry "GER"]
[SourceTitle "CBM 214 Extra"]
[Source "ChessBase"]
[SourceDate "2023.07.31"]
[SourceVersion "1"]
[SourceVersionDate "2023.07.31"]
[SourceQuality "1"]

1. e4 e5 2. Nf3 Nc6 3. Bc4 Bc5 4. c3 Nf6 5. d4 exd4 6. cxd4 Bb4+ 7. Nc3 Nxe4 8. 0-0 Bxc3 9. d5 Bf6 10. Re1 Ne7 11. Rxe4 d6 12. Bg5 Bxg5 13. Nxg5 h6 14. Qe2 hxg5 15. Re1 Be6 16. dxe6 f6 17. Re3 c6 18. Rb3 d5 19. Bd3 Qc7 20. h3 f5 21. Qc2 Rf8 22. Rb4 a6 23. h4 Rh8 24. g3 gxh4 25. Rxh4 Rxh4 26. gxh4 Qf4 27. Kf1 Qxh4 28. Bxf5 Qh1+ 29. Ke2 Qh5+ 30. Kd2 Qxf5 31. Qb3 Qxf2+ 32. Kd1 Qd4+ 33. Ke2 Qc4+ 34. Qxc4 dxc4 35. Rc1 b5 36. b4 Nd5 37. a3 Ke7 38. Rg1 Rg8 39. Kf3 Kxe6 40. Rg6+ Nf6 41. Ke3 Kf5 42. Rg1 g5 43. Kd4 Nd7 44. Rd1 Ke6 45. Re1+ Kd6 46. Rg1 g4 47. Ke4 g3 48. Kf3 g2 49. Kf2 c3 50. Ke3 Ne5 51. Kf2 c2 52. Ke2 c1Q 53. Rxc1 g1Q 54. Rxg1 Rxg1 55. Kf2 Rg4 56. Ke2 Rg3 57. Kd2 Kd5 58. Kc2 Kd4 59. Kb2 Rc3 60. a4 bxa4 61. b5 axb5 62. Ka2 Nc4 63. Kb1 Kd3 64. Ka2 Rb3 65. Ka1 Kc2 66. Ka2 Ra3# 0-1